Género y transformaciones del mercado de trabajo /

Este ponencia se aboca al tema de la reconfiguración de la sociedad del trabajo. Para la autora, a pesar del importante crecimiento de la fuerza de trabajo femenina, según las estadísticas oficiales, las dos terceras partes de las mujeres son consideradas población económicamente inactiva, incluyénd...

全面介紹

Guardado en:
書目詳細資料
主要作者: Renzi, María Rosa
格式: Texto
語言:Spanish
主題:
標簽: 添加標簽
沒有標簽, 成為第一個標記此記錄!

MARC

LEADER 00000 a a2200000 04500
001 43770
003 cru CIDCACS/IIS
005 20170825112500.0
008 170825b xxu||||| |||| 00| 0 spa d
999 |c 31540  |d 31540 
040 |c CIDCACS/IIS 
090 |a 05.03.03 A853g 
100 |a Renzi, María Rosa  
245 |a Género y transformaciones del mercado de trabajo /  |c María Rosa Renzi  
300 |a Páginas 3-13 
520 |a Este ponencia se aboca al tema de la reconfiguración de la sociedad del trabajo. Para la autora, a pesar del importante crecimiento de la fuerza de trabajo femenina, según las estadísticas oficiales, las dos terceras partes de las mujeres son consideradas población económicamente inactiva, incluyéndose dentro de dicha categoría a las "amas de casa". Se pasa revisión a la incorporación de la mujer en el ámbito del mercado de trabajo que caracteriza a la región centroamericana en su incorporación a la economía mundial y la integración regional.  
590 |a RRA/OCTUBRE2012  
650 |a 1.MERCADO DE TRABAJO  
650 |a 2.EMPLEO  
650 |a 3.MUJERES  
650 |a 4.CAMBIO SOCIAL  
650 |a 5.AMBIO ECONOMICO  
650 |a 6.GLOBALIZACION  
650 |a 7.AMERICA CENTRAL  
773 |g páginas 3-13 : tablas, gráficos  
942 |2 ddc  |c LI 
773 0 |0 6726  |9 91  |a Astelarra, Judith   |d España : Fundación Carolina-CeALCI   |o 14031  |t Género y empleo /   |w (cru CIDCACS/IIS)43769  |z 1885866X